| 000 | 00512nam a2200121Ia 4500 | ||
|---|---|---|---|
| 008 | 160712s9999 xx 000 0 und d | ||
| 100 | _aEncarnacion Tadem, Teresa S. | ||
| 245 |
_cTeresa S. Encarnacion Tadem _aPhilippine Technocracy and the Politics of Economic Decision Making during the Martial Law Period (1972-1986) |
||
| 260 |
_c2013 _bSocial Science Diliman |
||
| 300 | _avol. 9 no. 2 | ||
| 650 | _xSOCIAL SCIENCE | ||
| 856 | _uhttp://journals.upd.edu.ph/index.php/socialsciencediliman/issue/view/405/showToc | ||
| 999 |
_c297355 _d297355 |
||